| 000 | 00377nam a2200145Ia 4500 | ||
|---|---|---|---|
| 008 | 230917s9999||||xx |||||||||||||| ||und|| | ||
| 040 |
_e194060 _aMAIN |
||
| 041 | _aEnglish | ||
| 082 | _a658.4092 H13L | ||
| 100 | _aHaldar, Uday Kumar | ||
| 245 | 0 | _aLeadership and team building | |
| 260 |
_aNew Delhi _bOxford University Press _c2010 |
||
| 300 | _axvi, 491 p. | ||
| 942 | _cBK | ||
| 999 |
_c164768 _d164768 |
||